KOHA-Header-6

Introdduction to Logic (Record no. 6479)

000 -LEADER
fixed length control field 00263nam a2200109Ia 4500
100 ## - MAIN ENTRY--AUTHOR NAME
Personal name Copi,Irving M.
245 #0 - TITLE STATEMENT
Title Introdduction to Logic
260 ## - PUBLICATION, DISTRIBUTION, ETC. (IMPRINT)
Place of publication New Delhi
Name of publisher Prentice Hall
Year of publication 2005
300 ## - PHYSICAL DESCRIPTION
Number of Pages 646
942 ## - ADDED ENTRY ELEMENTS (KOHA)
Koha item type Books
Holdings
Withdrawn status Lost status Collection code Permanent Location Current Location Shelving location Date acquired Full call number Accession Number Koha item type
    Psychology MAJU MAJU Shelf No.A35 2019-09-07 150 3768 Books

Powered by Koha